[Event "Xtracon Skakligaen"]
[Site "Denmark"]
[Date "2016.10.30"]
[Round "2.6"]
[White "Rewitz, Poul"]
[Black "Kragh, Niels Kristian"]
[Result "1-0"]
[WhiteElo "2215"]
[BlackElo "2134"]
[PlyCount "101"]
[EventDate "2016.10.29"]
[EventType "team-tourn"]
[EventRounds "9"]
[EventCountry "DEN"]
[WhiteTeam "SK 68 1"]
[BlackTeam "K41 1"]
[WhiteTeamCountry "DEN"]
[BlackTeamCountry "DEN"]

1. g3 Nf6 2. Bg2 d5 3. f4 c6 4. Nf3 Bf5 5. O-O e6 6. c3 Be7 7. d3 O-O 8. Na3 h6
9. Nc2 c5 10. Ne3 Bh7 11. f5 Nc6 12. fxe6 fxe6 13. Bh3 Qd6 14. Ng2 e5 15. Nfh4
Qc7 16. Nf5 Kh8 17. Ngh4 Rad8 18. Nxh6 gxh6 19. Bxh6 Rg8 20. Qd2 Ne4 21. dxe4
Bxh4 22. exd5 Bxg3 23. hxg3 Rxg3+ 24. Kh2 Rdg8 25. Rf3 Rxf3 26. exf3 Nd8 27.
Rg1 Rxg1 28. Kxg1 Nf7 29. Bg5 Nxg5 30. Qxg5 Qg7 31. Qxg7+ Kxg7 32. Kf2 Kf6 33.
d6 b6 34. Kg3 Bg6 35. Kh4 Bd3 36. d7 Ke7 37. Kg5 Bc2 38. Bg4 Bd3 39. d8=Q+ Kxd8
40. Kf6 Bb1 41. Kxe5 Bxa2 42. Kd6 Bc4 43. f4 Ke8 44. Kc6 Bd3 45. Kb7 b5 46.
Kxa7 b4 47. Kb6 bxc3 48. bxc3 c4 49. Kc5 Ke7 50. Kd4 Kd6 51. Bc8 1-0

[Event "Xtracon Skakligaen"]
[Site "Denmark"]
[Date "2016.10.30"]
[Round "2.7"]
[White "Petersen, Flemming Petri"]
[Black "Ramsdal, Jens Albert"]
[Result "0-1"]
[WhiteElo "2083"]
[BlackElo "2201"]
[PlyCount "64"]
[EventDate "2016.10.29"]
[EventType "team-tourn"]
[EventRounds "9"]
[EventCountry "DEN"]
[WhiteTeam "K41 1"]
[BlackTeam "SK 68 1"]
[WhiteTeamCountry "DEN"]
[BlackTeamCountry "DEN"]

1. e4 c5 2. Nf3 e6 3. Nc3 Nc6 4. d4 cxd4 5. Nxd4 Qc7 6. g3 Nf6 7. Bg2 Nxd4 8.
Qxd4 Bc5 9. Qd3 d6 10. O-O Bd7 11. Bf4 O-O 12. Rad1 Ne8 13. e5 dxe5 14. Qxd7
Qxd7 15. Rxd7 exf4 16. Ne4 Bb6 17. Rfd1 fxg3 18. hxg3 h6 19. Rxb7 Rc8 20. Nc3
Nf6 21. Kf1 Ng4 22. Bf3 Ne5 23. Be4 f5 24. Bg2 f4 25. g4 f3 26. Bh3 Rf7 27.
Rxf7 Nxf7 28. Kg1 Rc4 29. Rd2 Ng5 30. Kh2 Bc7+ 31. Kh1 Nxh3 32. Nb5 Be5 0-1

[Event "Xtracon Skakligaen"]
[Site "Denmark"]
[Date "2016.10.30"]
[Round "2.8"]
[White "Christensen, Thomas K"]
[Black "Bauner, Jan"]
[Result "1-0"]
[WhiteElo "2225"]
[BlackElo "1972"]
[PlyCount "68"]
[EventDate "2016.10.29"]
[EventType "team-tourn"]
[EventRounds "9"]
[EventCountry "DEN"]
[WhiteTeam "SK 68 1"]
[BlackTeam "K41 1"]
[WhiteTeamCountry "DEN"]
[BlackTeamCountry "DEN"]

1. d4 Nf6 2. c4 e6 3. Nf3 d5 4. Nc3 c6 5. e3 g6 6. Bd3 Bg7 7. O-O O-O 8. b3 Re8
9. Ne5 Nfd7 10. f4 f5 11. g4 Nxe5 12. fxe5 Kh8 13. gxf5 exf5 14. cxd5 cxd5 15.
Qf3 Be6 16. Ba3 Nc6 17. Bd6 a6 18. Na4 Bf8 19. Nc5 Bxd6 20. Nxb7 Qg5+ 21. Kh1
Bxe5 22. dxe5 Nxe5 23. Qe2 Qe7 24. Qb2 Bc8 25. Na5 Kg8 26. Qd4 Nxd3 27. Qxd3
Bb7 28. Qd4 Qc7 29. Nxb7 Qxb7 30. Rxf5 Re4 31. Qxd5+ Qxd5 32. Rxd5 Rxe3 33.
Rad1 Re2 34. R1d2 Rae8 1-0

[Event "Xtracon Skakligaen"]
[Site "Denmark"]
[Date "2016.10.30"]
[Round "2.1"]
[White "Hector, Jonny"]
[Black "Schandorff, Lars"]
[Result "1/2-1/2"]
[WhiteElo "2513"]
[BlackElo "2511"]
[PlyCount "97"]
[EventDate "2016.10.29"]
[EventType "team-tourn"]
[EventRounds "9"]
[EventCountry "DEN"]
[WhiteTeam "Nordkalotten 1"]
[BlackTeam "Hillerod 1"]
[WhiteTeamCountry "DEN"]
[BlackTeamCountry "DEN"]

1. e4 e5 2. Nf3 Nc6 3. Bc4 Bc5 4. O-O Nf6 5. d3 O-O 6. h3 a6 7. Bb3 d6 8. c3 h6
9. Be3 Ba7 10. Nbd2 Re8 11. Re1 Be6 12. Bxe6 Rxe6 13. Bxa7 Rxa7 14. d4 Re8 15.
Qb3 Qd7 16. Rad1 Raa8 17. dxe5 dxe5 18. Nf1 Qc8 19. Ng3 Rb8 20. Re2 Qe6 21. Rd5
Qc8 22. Rd3 Qe6 23. Qxe6 Rxe6 24. Red2 b5 25. Ne1 Ree8 26. f3 g6 27. Nf1 Red8
28. Ne3 Rxd3 29. Rxd3 Rd8 30. Rxd8+ Nxd8 31. Nd3 Nc6 32. Kf2 Kf8 33. Nc2 Nd7
34. b4 Ke7 35. Ne3 Kd6 36. c4 Ne7 37. Nb2 c6 38. a4 Ke6 39. Nc2 Nc8 40. Na3 Nd6
41. Ke3 h5 42. axb5 axb5 43. cxb5 Nxb5 44. Nac4 c5 45. Nd3 cxb4 46. Nxb4 Nd6
47. Na5 f5 48. exf5+ Nxf5+ 49. Ke4 1/2-1/2

[Event "Xtracon Skakligaen"]
[Site "Denmark"]
[Date "2016.10.30"]
[Round "2.2"]
[White "Borge, Nikolaj"]
[Black "Jepson, Christian"]
[Result "0-1"]
[WhiteElo "2386"]
[BlackElo "2430"]
[PlyCount "80"]
[EventDate "2016.10.29"]
[EventType "team-tourn"]
[EventRounds "9"]
[EventCountry "DEN"]
[WhiteTeam "Hillerod 1"]
[BlackTeam "Nordkalotten 1"]
[WhiteTeamCountry "DEN"]
[BlackTeamCountry "DEN"]

1. e4 e5 2. Nf3 Nc6 3. Bc4 Nf6 4. d3 h6 5. O-O d6 6. c3 g6 7. Nh4 Na5 8. Bb5+
Nd7 9. g3 a6 10. Ba4 b5 11. b4 bxa4 12. bxa5 Bg7 13. Nd2 Nc5 14. Ba3 Nxd3 15.
Ndf3 Nc5 16. Bxc5 dxc5 17. Qxd8+ Kxd8 18. Rfd1+ Ke7 19. Rd5 Be6 20. Rd2 Rab8
21. Ng2 c4 22. Ne3 Rb5 23. Rad1 c6 24. Nc2 Rc8 25. Nb4 Rxa5 26. Rd8 Rc5 27.
Nxa6 Rxd8 28. Rxd8 Rb5 29. Rd2 Bh3 30. Nb4 Ke6 31. Kh1 Bf8 32. Ng1 Bxb4 33.
cxb4 Bf1 34. a3 c5 35. Rd5 c3 36. Rd1 cxb4 37. axb4 Bc4 38. Rc1 a3 39. Rxc3 a2
40. Ra3 Rxb4 0-1

[Event "Xtracon Skakligaen"]
[Site "Denmark"]
[Date "2016.10.30"]
[Round "2.3"]
[White "Brynell, Stellan"]
[Black "Stojanovski, Sandi"]
[Result "1/2-1/2"]
[WhiteElo "2450"]
[BlackElo "2292"]
[PlyCount "48"]
[EventDate "2016.10.29"]
[EventType "team-tourn"]
[EventRounds "9"]
[EventCountry "DEN"]
[WhiteTeam "Nordkalotten 1"]
[BlackTeam "Hillerod 1"]
[WhiteTeamCountry "DEN"]
[BlackTeamCountry "DEN"]

1. d4 Nf6 2. Nf3 e6 3. c4 d5 4. Nc3 Bb4 5. Qb3 c5 6. dxc5 Nc6 7. Bg5 Qa5 8.
Bxf6 dxc4 9. Qxc4 gxf6 10. Rc1 Bxc5 11. e3 Qb4 12. Qe2 Be7 13. g3 Bd7 14. Bg2
O-O 15. O-O Rfd8 16. a3 Qg4 17. h3 Qh5 18. Rfd1 Be8 19. Nd4 Qxe2 20. Ncxe2 Rac8
21. Nxc6 Rxd1+ 22. Rxd1 bxc6 23. Kf1 Rb8 24. Nd4 c5 1/2-1/2

[Event "Xtracon Skakligaen"]
[Site "Denmark"]
[Date "2016.10.30"]
[Round "2.4"]
[White "Jaksland, Tim"]
[Black "Sylvan, Jacob"]
[Result "1/2-1/2"]
[WhiteElo "2230"]
[BlackElo "2371"]
[PlyCount "35"]
[EventDate "2016.10.29"]
[EventType "team-tourn"]
[EventRounds "9"]
[EventCountry "DEN"]
[WhiteTeam "Hillerod 1"]
[BlackTeam "Nordkalotten 1"]
[WhiteTeamCountry "DEN"]
[BlackTeamCountry "DEN"]

1. Nf3 Nf6 2. c4 g6 3. Nc3 Bg7 4. g3 O-O 5. Bg2 d6 6. d4 Nc6 7. O-O a6 8. b3
Rb8 9. Nd5 Ne4 10. Bb2 e6 11. Ne3 f5 12. Qc2 Ne7 13. Ne1 Nf6 14. Nd3 Bd7 15.
Rad1 g5 16. f4 gxf4 17. Nxf4 Ng6 18. d5 1/2-1/2

[Event "Xtracon Skakligaen"]
[Site "Denmark"]
[Date "2016.10.30"]
[Round "2.5"]
[White "Hove, Esben Kjems"]
[Black "Ostergaard, Jens"]
[Result "1/2-1/2"]
[WhiteElo "2267"]
[BlackElo "2239"]
[PlyCount "38"]
[EventDate "2016.10.29"]
[EventType "team-tourn"]
[EventRounds "9"]
[EventCountry "DEN"]
[WhiteTeam "Nordkalotten 1"]
[BlackTeam "Hillerod 1"]
[WhiteTeamCountry "DEN"]
[BlackTeamCountry "DEN"]

1. d4 Nf6 2. Nf3 g6 3. Bf4 Bg7 4. Nbd2 d6 5. e4 O-O 6. c3 Nbd7 7. Be2 h6 8. h3
e5 9. dxe5 Nh5 10. Be3 dxe5 11. g3 Qe7 12. Nh2 Nhf6 13. Ng4 Kh7 14. Nxf6+ Nxf6
15. g4 Rd8 16. Qc2 Nd7 17. O-O-O Nc5 18. Bc4 Ne6 19. Kb1 c6 1/2-1/2

[Event "Xtracon Skakligaen"]
[Site "Denmark"]
[Date "2016.10.30"]
[Round "2.6"]
[White "Pedersen, Martin Rosenkilde"]
[Black "Pedersen, Daniel Vesterbaek"]
[Result "1/2-1/2"]
[WhiteElo "2121"]
[BlackElo "2245"]
[PlyCount "80"]
[EventDate "2016.10.29"]
[EventType "team-tourn"]
[EventRounds "9"]
[EventCountry "DEN"]
[WhiteTeam "Hillerod 1"]
[BlackTeam "Nordkalotten 1"]
[WhiteTeamCountry "DEN"]
[BlackTeamCountry "DEN"]

1. e4 e5 2. Nf3 Nc6 3. Bb5 a6 4. Ba4 Nf6 5. Qe2 b5 6. Bb3 Bc5 7. c3 d6 8. d3
Be6 9. O-O Ba7 10. Be3 O-O 11. Nbd2 Qd7 12. Rfd1 Bxe3 13. fxe3 d5 14. exd5 Bxd5
15. e4 Bxb3 16. Nxb3 Rfe8 17. Nbd2 Qe6 18. Nf1 Na5 19. Ne3 c5 20. b3 c4 21.
dxc4 Nxe4 22. Nd5 Nf6 23. Ng5 Qc6 24. Nxf6+ Qxf6 25. Ne4 Qb6+ 26. c5 Qg6 27. b4
Nc4 28. Nd6 Nxd6 29. Rxd6 Re6 30. Rad1 e4 31. a4 bxa4 32. Qxa6 Rae8 33. Qxa4
Qf5 34. Rxe6 Qxe6 35. Qd7 Qe5 36. Qd4 Qe6 37. Qd5 Qf6 38. Qd4 Qe6 39. Qd7 Qe5
40. Qd4 Qe6 1/2-1/2

[Event "Xtracon Skakligaen"]
[Site "Denmark"]
[Date "2016.10.30"]
[Round "2.7"]
[White "Jakobsen, Peter"]
[Black "Andersen, Ib Hother"]
[Result "0-1"]
[WhiteElo "2201"]
[BlackElo "2152"]
[PlyCount "110"]
[EventDate "2016.10.29"]
[EventType "team-tourn"]
[EventRounds "9"]
[EventCountry "DEN"]
[WhiteTeam "Nordkalotten 1"]
[BlackTeam "Hillerod 1"]
[WhiteTeamCountry "DEN"]
[BlackTeamCountry "DEN"]

1. Nf3 Nf6 2. c4 e6 3. g3 d5 4. Bg2 Bd6 5. O-O O-O 6. b3 c6 7. Bb2 Nbd7 8. d4
b6 9. Nbd2 Bb7 10. Qc2 h6 11. e4 dxe4 12. Nxe4 Nxe4 13. Qxe4 Nf6 14. Qc2 c5 15.
Rad1 Qe7 16. d5 exd5 17. Nh4 Rfe8 18. Nf5 Qd8 19. Bxf6 Qxf6 20. Bxd5 Bxd5 21.
Rxd5 Rad8 22. Rfd1 Bf8 23. Ne3 Rxd5 24. Rxd5 Rd8 25. Kg2 Rxd5 26. cxd5 g6 27.
Qe4 Qe7 28. Kf3 b5 29. Qxe7 Bxe7 30. Ke4 Bd6 31. a4 a6 32. axb5 axb5 33. f4 f5+
34. Kd3 Kf7 35. Nd1 g5 36. fxg5 hxg5 37. Nc3 b4 38. Nd1 Kf6 39. Nf2 Ke5 40. Kc4
f4 41. gxf4+ gxf4 42. h4 f3 43. h5 Bf8 44. h6 Bxh6 45. Nd3+ Ke4 46. Nxc5+ Ke3
47. Nd3 Bf8 48. Ne5 f2 49. Ng4+ Ke2 50. Nxf2 Kxf2 51. Kb5 Ke3 52. Kc6 Kd4 53.
d6 Bxd6 54. Kxd6 Kc3 55. Kc5 Kxb3 0-1

[Event "Xtracon Skakligaen"]
[Site "Denmark"]
[Date "2016.10.30"]
[Round "2.8"]
[White "Nielsen, Niels Peter"]
[Black "Ejsing, Esben"]
[Result "1/2-1/2"]
[WhiteElo "2068"]
[BlackElo "2203"]
[PlyCount "115"]
[EventDate "2016.10.29"]
[EventType "team-tourn"]
[EventRounds "9"]
[EventCountry "DEN"]
[WhiteTeam "Hillerod 1"]
[BlackTeam "Nordkalotten 1"]
[WhiteTeamCountry "DEN"]
[BlackTeamCountry "DEN"]

1. e4 c5 2. Nf3 e6 3. Nc3 Nc6 4. d4 cxd4 5. Nxd4 Qc7 6. Be3 a6 7. Qd2 Nf6 8. f3
b5 9. Nxc6 dxc6 10. g3 e5 11. Bg2 Be6 12. O-O Be7 13. Rfd1 O-O 14. Qf2 Nd7 15.
Ne2 b4 16. c3 a5 17. b3 a4 18. c4 Ra5 19. Rab1 Rfa8 20. f4 f6 21. f5 Bf7 22. g4
axb3 23. axb3 Ra2 24. Qe1 Bc5 25. Bxc5 Nxc5 26. Nc1 Rc2 27. Qxb4 Qa7 28. Kh1
Rb8 29. Qe1 Bxc4 30. Rd2 Qa5 31. b4 Qa4 32. Qd1 Rxd2 33. Qxd2 h6 34. h4 Nb7 35.
Kh2 Rd8 36. Qc3 Rd4 37. Nb3 Qa3 38. Qb2 Qxb2 39. Rxb2 Bxb3 40. Rxb3 Nd6 41. Kg3
Nxe4+ 42. Bxe4 Rxe4 43. b5 cxb5 44. Rxb5 h5 45. g5 Rg4+ 46. Kh3 fxg5 47. hxg5
Rxg5 48. Rxe5 g6 49. Re6 gxf5 50. Kh4 Rg4+ 51. Kxh5 Kf7 52. Ra6 Rg8 53. Rb6 Ke7
54. Ra6 Rf8 55. Kg5 f4 56. Kg4 f3 57. Ra1 Ke6 58. Rf1 1/2-1/2

[Event "Xtracon Skakligaen"]
[Site "Denmark"]
[Date "2016.10.30"]
[Round "2.1"]
[White "Danielsen, Henrik"]
[Black "Andersen, Mads"]
[Result "1/2-1/2"]
[WhiteElo "2480"]
[BlackElo "2542"]
[PlyCount "99"]
[EventDate "2016.10.29"]
[EventType "team-tourn"]
[EventRounds "9"]
[EventCountry "DEN"]
[WhiteTeam "Jetsmark 1"]
[BlackTeam "Team Nordea Skanderborg 1"]
[WhiteTeamCountry "DEN"]
[BlackTeamCountry "DEN"]

1. Nf3 d5 2. g3 c6 3. Bg2 Bg4 4. O-O Nd7 5. d3 Ngf6 6. c4 dxc4 7. dxc4 e5 8.
Nc3 Bc5 9. Qc2 O-O 10. h3 Bxf3 11. Bxf3 Re8 12. e3 Qe7 13. b3 Ba3 14. Bxa3 Qxa3
15. Rad1 Rad8 16. Rd2 Nf8 17. Rfd1 Ne6 18. Kg2 g6 19. Bg4 Rxd2 20. Rxd2 Nc5 21.
Bd1 a5 22. Bf3 Kg7 23. Rd1 Qb4 24. Rd2 Qa3 25. Rd1 Qb4 26. Rd2 a4 27. Nxa4 Nxa4
28. bxa4 Ra8 29. Qb2 Rxa4 30. Bd1 Qxb2 31. Rxb2 Ra7 32. f4 Nd7 33. Rd2 Nc5 34.
fxe5 Ne4 35. Rb2 Nc3 36. Bg4 b5 37. cxb5 cxb5 38. Be2 Re7 39. Bxb5 Rb7 40. a4
Nxa4 41. Rb3 Nc5 42. Rb1 Re7 43. Bc4 Rxe5 44. Rb5 h5 45. Kf3 Nd7 46. Kf4 Kf6
47. Rxe5 Nxe5 48. Be2 Nd7 49. h4 Nc5 50. Bc4 1/2-1/2

[Event "Xtracon Skakligaen"]
[Site "Denmark"]
[Date "2016.10.30"]
[Round "2.2"]
[White "Andersen, Jackie"]
[Black "Rasmussen, Allan Stig"]
[Result "1/2-1/2"]
[WhiteElo "2382"]
[BlackElo "2513"]
[PlyCount "84"]
[EventDate "2016.10.29"]
[EventType "team-tourn"]
[EventRounds "9"]
[EventCountry "DEN"]
[WhiteTeam "Team Nordea Skanderborg 1"]
[BlackTeam "Jetsmark 1"]
[WhiteTeamCountry "DEN"]
[BlackTeamCountry "DEN"]

1. f4 Nf6 2. Nf3 c5 3. g3 Nc6 4. Bg2 g6 5. O-O Bg7 6. d3 O-O 7. h3 d5 8. c3 Qc7
9. g4 d4 10. Ng5 e6 11. Qe1 Bd7 12. Na3 Rad8 13. Nc4 h6 14. Nf3 Nd5 15. Nce5
Ne3 16. Bxe3 dxe3 17. Qc1 Nxe5 18. fxe5 Bxe5 19. Nxe5 Qxe5 20. Rf3 Kg7 21. Qxe3
Qd6 22. Raf1 f6 23. R3f2 b6 24. a3 Rf7 25. Qf4 e5 26. Qe4 Be6 27. Qc6 Qe7 28.
Qe4 Bc8 29. Qa4 Rd6 30. b4 Qc7 31. Be4 cxb4 32. Qxb4 Qd8 33. c4 Rc7 34. Qb1 Qe8
35. Bd5 h5 36. gxh5 Bxh3 37. h6+ Kh7 38. Rxf6 Rxf6 39. Rxf6 Qd8 40. Rf2 Qh4 41.
Qe1 Kxh6 42. Qd2+ Qg5+ 1/2-1/2

[Event "Xtracon Skakligaen"]
[Site "Denmark"]
[Date "2016.10.30"]
[Round "2.3"]
[White "Thybo, Jesper Sondergaard"]
[Black "Pedersen, Nicolai Vesterbaek"]
[Result "1-0"]
[WhiteElo "2358"]
[BlackElo "2371"]
[PlyCount "73"]
[EventDate "2016.10.29"]
[EventType "team-tourn"]
[EventRounds "9"]
[EventCountry "DEN"]
[WhiteTeam "Jetsmark 1"]
[BlackTeam "Team Nordea Skanderborg 1"]
[WhiteTeamCountry "DEN"]
[BlackTeamCountry "DEN"]

1. e4 e5 2. Nf3 Nc6 3. Bb5 a6 4. Ba4 Nf6 5. O-O Be7 6. Re1 b5 7. Bb3 d6 8. c3
O-O 9. h3 Na5 10. Bc2 c5 11. d3 h6 12. Nbd2 Nh7 13. d4 Bf6 14. d5 c4 15. Nf1
Ng5 16. N3h2 Nh7 17. f4 exf4 18. Bxf4 Be5 19. Be3 Ng5 20. Ng4 Bxg4 21. Qxg4 Qc8
22. Qh5 Rb8 23. a3 f6 24. h4 Nf7 25. Bd1 Nb3 26. Bxb3 cxb3 27. Nd2 a5 28. Nxb3
Qc4 29. Nd4 b4 30. Nf5 Kh7 31. Qg4 g6 32. Ne7 Rg8 33. Nxg8 Rxg8 34. axb4 Rg7
35. Rxa5 f5 36. Qe2 Qxe4 37. Bf2 1-0

[Event "Xtracon Skakligaen"]
[Site "Denmark"]
[Date "2016.10.30"]
[Round "2.4"]
[White "Pedersen, Steffen"]
[Black "Jensen, Bjarke"]
[Result "1/2-1/2"]
[WhiteElo "2375"]
[BlackElo "2320"]
[PlyCount "60"]
[EventDate "2016.10.29"]
[EventType "team-tourn"]
[EventRounds "9"]
[EventCountry "DEN"]
[WhiteTeam "Team Nordea Skanderborg 1"]
[BlackTeam "Jetsmark 1"]
[WhiteTeamCountry "DEN"]
[BlackTeamCountry "DEN"]

1. d4 Nf6 2. c4 g6 3. Nc3 Bg7 4. Bg5 d6 5. e3 Nbd7 6. Nf3 h6 7. Bh4 g5 8. Bg3
Nh5 9. Qc2 e6 10. Be2 Nxg3 11. hxg3 a6 12. Nd2 Qe7 13. g4 c5 14. dxc5 dxc5 15.
Nde4 Nf6 16. Nxf6+ Bxf6 17. Rd1 Bd7 18. Bf3 Rb8 19. Rd2 Kf8 20. Ne4 Be5 21.
Nxc5 Qxc5 22. Rxd7 b5 23. O-O bxc4 24. Be2 h5 25. gxh5 Rxb2 26. Qxc4 Qxc4 27.
Bxc4 Rxh5 28. Rfd1 Bh2+ 29. Kf1 Bd6 30. Kg1 Bh2+ 1/2-1/2

[Event "Xtracon Skakligaen"]
[Site "Denmark"]
[Date "2016.10.30"]
[Round "2.5"]
[White "Wiwe, Andreas"]
[Black "Boe, Mads"]
[Result "1/2-1/2"]
[WhiteElo "2288"]
[BlackElo "2324"]
[PlyCount "127"]
[EventDate "2016.10.29"]
[EventType "team-tourn"]
[EventRounds "9"]
[EventCountry "DEN"]
[WhiteTeam "Jetsmark 1"]
[BlackTeam "Team Nordea Skanderborg 1"]
[WhiteTeamCountry "DEN"]
[BlackTeamCountry "DEN"]

1. e4 c6 2. d4 d5 3. Nc3 dxe4 4. Nxe4 Bf5 5. Ng3 Bg6 6. h4 h6 7. Nf3 Nf6 8. h5
Bh7 9. Bd3 Bxd3 10. Qxd3 e6 11. Bd2 c5 12. O-O-O Nc6 13. Bc3 Qd5 14. dxc5 Qxd3
15. Rxd3 Bxc5 16. Bxf6 gxf6 17. Ne4 Be7 18. Rhd1 Rd8 19. Nd6+ Bxd6 20. Rxd6
Rxd6 21. Rxd6 f5 22. g3 Ke7 23. Rd3 Rc8 24. a3 e5 25. Rd5 Ke6 26. c4 f6 27. b3
Rg8 28. b4 Rg4 29. Rc5 f4 30. b5 Na5 31. Nd2 fxg3 32. fxg3 e4 33. Rc8 Kd7 34.
Rh8 e3 35. Nf3 Nxc4 36. Rh7+ Ke6 37. Rxb7 Rxg3 38. Nd4+ Ke5 39. Ne2 Rg2 40. Kd1
Nb2+ 41. Ke1 Nd3+ 42. Kd1 Nb2+ 43. Ke1 Rh2 44. Kf1 Rf2+ 45. Ke1 Rh2 46. Kf1
Rf2+ 47. Ke1 Nd3+ 48. Kd1 Nf4 49. Re7+ Kd6 50. Rxe3 Nxe2 51. Rxe2 Rf5 52. a4
Rxh5 53. Re8 Rh4 54. a5 Kc5 55. Re7 Kxb5 56. Rxa7 Rd4+ 57. Ke2 Ra4 58. Rh7 Rxa5
59. Rxh6 Ra6 60. Ke3 Kc5 61. Kf4 Kd5 62. Kf5 Rb6 63. Rxf6 Rxf6+ 64. Kxf6
1/2-1/2

[Event "Xtracon Skakligaen"]
[Site "Denmark"]
[Date "2016.10.30"]
[Round "2.6"]
[White "Pedersen, Jan Rode"]
[Black "Thogersen, Rasmus"]
[Result "1/2-1/2"]
[WhiteElo "2197"]
[BlackElo "2122"]
[PlyCount "100"]
[EventDate "2016.10.29"]
[EventType "team-tourn"]
[EventRounds "9"]
[EventCountry "DEN"]
[WhiteTeam "Team Nordea Skanderborg 1"]
[BlackTeam "Jetsmark 1"]
[WhiteTeamCountry "DEN"]
[BlackTeamCountry "DEN"]

1. e4 c5 2. Nf3 d6 3. Bb5+ Bd7 4. Bxd7+ Qxd7 5. c4 Nf6 6. Nc3 g6 7. d4 cxd4 8.
Nxd4 Bg7 9. f3 O-O 10. O-O Rc8 11. b3 d5 12. e5 Ne8 13. Nxd5 e6 14. Nf4 Bxe5
15. Nfe2 Rd8 16. Be3 Nc6 17. Nxc6 Qxc6 18. Qc2 Bxa1 19. Rxa1 e5 20. Nc3 Rd7 21.
Qe2 Nc7 22. Rd1 Rxd1+ 23. Qxd1 b5 24. c5 b4 25. Ne4 f5 26. Nd6 Qd5 27. Qxd5+
Nxd5 28. Bg5 Kg7 29. Kf1 h6 30. Bd2 a5 31. Ke2 Kf6 32. Kd3 Ke6 33. Kc4 Nc3 34.
a4 g5 35. Nb5 Nd5 36. Nd6 Nc3 37. Nb5 Nd5 38. Nd6 Rb8 39. g4 fxg4 40. fxg4 Nb6+
41. cxb6 Kxd6 42. Kb5 Rf8 43. Be3 Rf7 44. Kxa5 Kc6 45. Ka6 e4 46. a5 Rd7 47.
Bf2 Rd8 48. Ka7 Rd7+ 49. Ka6 Re7 50. Be3 Re8 1/2-1/2

[Event "Xtracon Skakligaen"]
[Site "Denmark"]
[Date "2016.10.30"]
[Round "2.7"]
[White "Wilbrandt, Simon Pil"]
[Black "Grove, Peter"]
[Result "1/2-1/2"]
[WhiteElo "2171"]
[BlackElo "2171"]
[PlyCount "98"]
[EventDate "2016.10.29"]
[EventType "team-tourn"]
[EventRounds "9"]
[EventCountry "DEN"]
[WhiteTeam "Jetsmark 1"]
[BlackTeam "Team Nordea Skanderborg 1"]
[WhiteTeamCountry "DEN"]
[BlackTeamCountry "DEN"]

1. d4 d5 2. Bf4 Nf6 3. e3 Bf5 4. Nd2 c6 5. Ngf3 Nbd7 6. c4 e6 7. Qb3 Qb6 8. c5
Qxb3 9. axb3 Nh5 10. Bg3 Nxg3 11. hxg3 e5 12. b4 e4 13. Ng1 Be7 14. b5 O-O 15.
bxc6 bxc6 16. Ba6 Rab8 17. b3 Bd8 18. Ne2 Bc7 19. Nc3 Be6 20. Ra4 f5 21. b4 Nf6
22. b5 Bd7 23. bxc6 Bxc6 24. Ra2 g5 25. Ne2 Rb4 26. O-O Ng4 27. Rb1 Rfb8 28.
Rxb4 Rxb4 29. Bc8 a5 30. Bxf5 Nf6 31. f3 Kg7 32. Kf2 exf3 33. gxf3 h5 34. Bd3
Rb8 35. e4 dxe4 36. fxe4 Rf8 37. Kg1 h4 38. d5 Nxd5 39. exd5 Bxd5 40. Bc4 Rd8
41. gxh4 gxh4 42. Ra3 Bc6 43. Rd3 h3 44. Nf1 Rxd3 45. Bxd3 Be5 46. Bf5 Bb8 47.
Nd4 Bd5 48. Bxh3 Ba7 49. Ne3 Bxc5 1/2-1/2

[Event "Xtracon Skakligaen"]
[Site "Denmark"]
[Date "2016.10.30"]
[Round "2.8"]
[White "Haarup, Anders"]
[Black "Christensen, Stefan"]
[Result "0-1"]
[WhiteElo "1666"]
[BlackElo "2269"]
[PlyCount "72"]
[EventDate "2016.10.29"]
[EventType "team-tourn"]
[EventRounds "9"]
[EventCountry "DEN"]
[WhiteTeam "Team Nordea Skanderborg 1"]
[BlackTeam "Jetsmark 1"]
[WhiteTeamCountry "DEN"]
[BlackTeamCountry "DEN"]

1. d4 Nf6 2. Bg5 e6 3. e3 c5 4. c3 cxd4 5. Bxf6 Qxf6 6. cxd4 b6 7. Qf3 Qxf3 8.
Nxf3 Bb4+ 9. Nc3 Bb7 10. Be2 Bxc3+ 11. bxc3 Nc6 12. O-O Ke7 13. a3 Rhc8 14.
Rfc1 Na5 15. Nd2 Rc7 16. Rab1 Rac8 17. c4 Ba6 18. Rb4 d5 19. f3 Bxc4 20. Kf2
Bxe2 21. Rxc7+ Rxc7 22. Kxe2 Rc3 23. a4 Ra3 24. Rb2 Rxa4 25. Rc2 Kd7 26. Nb1 a6
27. Nd2 b5 28. Rb2 Nc4 29. Nxc4 dxc4 30. Rc2 Ra3 31. e4 a5 32. f4 Rb3 33. d5
exd5 34. exd5 a4 35. g4 a3 36. Kd1 Rb1+ 0-1

[Event "Xtracon Skakligaen"]
[Site "Denmark"]
[Date "2016.10.30"]
[Round "2.1"]
[White "Teplyi, Igor"]
[Black "Grandelius, Nils"]
[Result "1/2-1/2"]
[WhiteElo "2431"]
[BlackElo "2642"]
[PlyCount "152"]
[EventDate "2016.10.29"]
[EventType "team-tourn"]
[EventRounds "9"]
[EventCountry "DEN"]
[WhiteTeam "Nordre 1"]
[BlackTeam "Philidor 1"]
[WhiteTeamCountry "DEN"]
[BlackTeamCountry "DEN"]

1. d4 Nf6 2. c4 e6 3. Nc3 Bb4 4. Qc2 b6 5. e4 c5 6. a3 Bxc3+ 7. bxc3 Bb7 8. Bd3
b5 9. f3 bxc4 10. Bxc4 cxd4 11. cxd4 d5 12. exd5 Bxd5 13. Bd3 Nc6 14. Ne2 Rc8
15. Qa4 O-O 16. O-O Nd7 17. Be3 Nb6 18. Qa6 Qe7 19. Bf2 Bc4 20. Bxc4 Nb8 21.
Qb5 Nxc4 22. Qb4 Qd7 23. Rfc1 Nb6 24. Rxc8 Rxc8 25. Rc1 Rxc1+ 26. Nxc1 Nc6 27.
Qb5 Qd5 28. Qxd5 Nxd5 29. Nb3 Kf8 30. Be1 Ke7 31. Bd2 Kd6 32. Kf2 Nb6 33. Ke2
Kd5 34. Kd3 Nc4 35. Bc1 f5 36. Kc3 a5 37. Kd3 h6 38. h3 g5 39. Nd2 Nd6 40. Nb3
f4 41. Bd2 Nc4 42. Bc1 e5 43. dxe5 a4 44. Nd2 N6xe5+ 45. Ke2 Ne3 46. Bb2 Nxg2
47. Bxe5 Kxe5 48. Nc4+ Kd4 49. Nb6 Ne3 50. Nxa4 Nc4 51. Kf2 Nxa3 52. Nb6 Nc4
53. Nd7 Ne3 54. Ke2 Kd5 55. Nf6+ Ke6 56. Ne4 Ke5 57. Nc5 Kf5 58. Nd3 Nd5 59.
Kf2 Kg6 60. Ne5+ Kh5 61. Kg2 Nb4 62. Kh2 Nc2 63. Kg2 Ne3+ 64. Kh2 Nf5 65. Kg2
Nh4+ 66. Kh2 Ng6 67. Nf7 Ne7 68. Ne5 Kh4 69. Kg2 Nd5 70. Ng6+ Kh5 71. Ne5 Nc3
72. Kh2 Ne2 73. Kg2 Nd4 74. Kh2 Nc2 75. Kg2 Ne1+ 76. Kf2 Nc2 1/2-1/2

[Event "Xtracon Skakligaen"]
[Site "Denmark"]
[Date "2016.10.30"]
[Round "2.2"]
[White "Glud, Jakob Vang"]
[Black "Petersen, Tom Petri"]
[Result "1-0"]
[WhiteElo "2517"]
[BlackElo "2341"]
[PlyCount "59"]
[EventDate "2016.10.29"]
[EventType "team-tourn"]
[EventRounds "9"]
[EventCountry "DEN"]
[WhiteTeam "Philidor 1"]
[BlackTeam "Nordre 1"]
[WhiteTeamCountry "DEN"]
[BlackTeamCountry "DEN"]

1. c4 g6 2. g3 Bg7 3. Bg2 e5 4. Nc3 Nc6 5. e4 Nge7 6. Nge2 d6 7. d3 O-O 8. O-O
Be6 9. Nd5 Qd7 10. Be3 f5 11. Qd2 Rf7 12. f3 Raf8 13. Rac1 Nc8 14. exf5 Bxf5
15. d4 Bh3 16. b3 Bxg2 17. Kxg2 N8e7 18. Nxe7+ Nxe7 19. d5 Nf5 20. Nc3 Nxe3+
21. Qxe3 a5 22. Ne4 b6 23. Rc2 Qf5 24. a3 h5 25. Rcf2 h4 26. g4 Qd7 27. Qg5 Rf6
28. Nxf6+ Rxf6 29. f4 e4 30. Re1 1-0

[Event "Xtracon Skakligaen"]
[Site "Denmark"]
[Date "2016.10.30"]
[Round "2.3"]
[White "Sloth, Jorn"]
[Black "Ziska, Helgi"]
[Result "0-1"]
[WhiteElo "2300"]
[BlackElo "2548"]
[PlyCount "60"]
[EventDate "2016.10.29"]
[EventType "team-tourn"]
[EventRounds "9"]
[EventCountry "DEN"]
[WhiteTeam "Nordre 1"]
[BlackTeam "Philidor 1"]
[WhiteTeamCountry "DEN"]
[BlackTeamCountry "DEN"]

1. Nf3 Nf6 2. g3 g6 3. Bg2 Bg7 4. O-O O-O 5. d4 d6 6. Nc3 c6 7. a4 Qc7 8. e4 e5
9. h3 a5 10. Re1 Na6 11. Bg5 Re8 12. Qd2 Nd7 13. Rad1 Nb4 14. Re2 b6 15. d5 Ba6
16. dxc6 Qxc6 17. Nb5 Nc5 18. Qxd6 Qxd6 19. Rxd6 Nxa4 20. c4 Rac8 21. Na3 Bf8
22. Rd1 Na2 23. Rc2 Bxa3 24. bxa3 N2c3 25. Rdc1 Nxe4 26. Be3 Nec5 27. Nd2 Red8
28. Bd5 Nd3 29. Bg5 Nxc1 30. Bxd8 Ne2+ 0-1